The Strokes Lyrics - 12:51 - Statistics

General Stats
  • This quiz has been taken 117 times
  • The average score is 101 of 135
Answer Stats
Lyrics % Correct
I
95%
me
92%
the
92%
The
92%
to
92%
go
91%
go,
91%
Talk
91%
you
91%
Your
91%
your
91%
I'm
89%
now
89%
now?
89%
12:
88%
51
88%
told
88%
friend
86%
lonely
86%
older
86%
that
86%
be
84%
her
84%
Friday
83%
nights
83%
time
83%
We
83%
we
83%
and
81%
have
80%
is
80%
Is
80%
party
80%
are
78%
'cause
78%
been
77%
for
77%
then
77%
Then
77%
away
73%
it
72%
Oh
72%
Oh,
72%
folks
70%
get
70%
Kiss
70%
control
69%
my
69%
Alright,
67%
could
67%
F***
67%
phone
67%
going
66%
let's
66%
really,
66%
won't
66%
convinced
64%
this
64%
was
64%
want?
63%
try
61%
But
59%
but
59%
Change
59%
forties
59%
I'll
59%
right
59%
some
59%
there
59%
us
59%
coming,
58%
don't
58%
were
58%
out
55%
plans
53%
Take
52%
confident
50%
stage
50%
words
50%
Found
48%
sought
48%
sure
48%
warn
44%
world
44%
tense
41%
voice
41%
We'd
39%
we'd
39%
slow
38%
shutting
34%
No matching quizzes found
Score Distribution
Percent of People with Each Score
Percentile by Number Answered
Your Score History
You have not taken this quiz